| 000 | 00436nam a2200181Ia 4500 | ||
|---|---|---|---|
| 001 | 11727 | ||
| 005 | 20260306162849.0 | ||
| 008 | 260306t2020||||xx |||||||||||||| ||spa|| | ||
| 041 | _aESP | ||
| 082 |
_aHR 050 _bV. 28 N° 1 2020 CEF |
||
| 110 | _aPontificium Consilium de Cultura | ||
| 245 | 0 | _aCulture e fede | |
| 260 | _c2020 | ||
| 300 |
_a95 páginas : _c24 cm. |
||
| 650 | _aGEN | ||
| 654 | _aCHU | ||
| 942 |
_cREV _dJUS _fJUS _2ddc _n |
||
| 999 |
_c11727 _d11727 |
||